000 00705nam a2200217Ia 4500
003 GCL
008 140319s9999 xx 000 0 ara d
040 _aGCL /
_cGCL
082 0 4 _a956.9
_bب ص
100 1 _aخالد عايد
245 1 0 _aالضفة الغربية وقطاع غزة: بيانات وحقائق اساسية /
_cخالد عايد
700 1 _aبنفينستى، ميرون
700 1 _aياسين جابر
300 _a196 ص
490 _aالهيئة العامة للاستعلامات
_v0
650 0 4 _aفلسطين
650 0 4 _aفلسطين - تاريخ
650 0 4 _aالاقتصاد - فلسطين
650 0 4 _aالاقتصاد الفلسطينى
942 _2ddc
_cBK
999 _c50397
_d50397